Sword of the dragon / (Record no. 7970)

MARC details
000 -LEADER
fixed length control field 01048nam a22002897a 4500
001 - CONTROL NUMBER
control field 7970
003 - CONTROL NUMBER IDENTIFIER
control field FISKH
005 - DATE AND TIME OF LATEST TRANSACTION
control field 20250815120814.0
008 - FIXED-LENGTH DATA ELEMENTS--GENERAL INFORMATION
fixed length control field 250815b cb ||||| |||| 00| 0 eng d
020 ## - INTERNATIONAL STANDARD BOOK NUMBER
International Standard Book Number 9781434227607
040 ## - CATALOGING SOURCE
Original cataloging agency FISKH
Language of cataloging eng
Transcribing agency FISKH
Modifying agency FISKH
050 ## - LIBRARY OF CONGRESS CALL NUMBER
Classification number PZ7.S968294 S
082 ## - DEWEY DECIMAL CLASSIFICATION NUMBER
Classification number 813.6
100 ## - MAIN ENTRY--PERSONAL NAME
Personal name Sutton, Laurie
245 ## - TITLE STATEMENT
Title Sword of the dragon /
Statement of responsibility, etc. Witten by Laurie Sutton : Illustrated by Dan Schoening
260 ## - PUBLICATION, DISTRIBUTION, ETC.
Place of publication, distribution, etc. Minnesota :
Name of publisher, distributor, etc. Stone Arch Books ,
Date of publication, distribution, etc. 2013.
300 ## - PHYSICAL DESCRIPTION
Extent 48 pages :
Other physical details color illustrations ;
Dimensions 19 cm .
490 ## - SERIES STATEMENT
Series statement DC Super Heroes (Wonder Woman)
505 ## - FORMATTED CONTENTS NOTE
Formatted contents note M <br/>
520 ## - SUMMARY, ETC.
Summary, etc. Wonder Woman sees a message in the clouds instructing her to go to Stonehenge, where she finds a group of tourists being held hostage by Morgaine Le Fey, who demands Wonder Woman steal the Star Sword of Merlin.<br/>
521 8# - TARGET AUDIENCE NOTE
Target audience note 550 <br/>
Source Lexile <br/>
521 8# - TARGET AUDIENCE NOTE
Target audience note M <br/>
Source Raz-Plus <br/>
650 ## - SUBJECT ADDED ENTRY--TOPICAL TERM
Topical term or geographic name entry element Superheroes
Form subdivision Fiction and Literature
700 ## - ADDED ENTRY--PERSONAL NAME
Personal name Schoening, Dan
Relator term Illustrator
942 ## - ADDED ENTRY ELEMENTS (KOHA)
Source of classification or shelving scheme Dewey Decimal Classification
Koha item type Books
Suppress in OPAC No
Holdings
Withdrawn status Lost status Source of classification or shelving scheme Damaged status Not for loan Collection Home library Current library Shelving location Date acquired Total Checkouts Full call number Barcode Date last seen Price effective from Koha item type
    Library of Congress Classification     Juvenile Fiction Footprints International School Library Network Toul Tom Poung Campus Footprints International School Library Network Toul Tom Poung Campus TTP Primary Yellow Bookshelves 08/15/2025   SUT 813.6 PZ7.S968294 S FIS02569 08/15/2025 08/15/2025 Books